#1 PB152 - Virtualizace paměti - Statistics

General Stats
  • This quiz has been taken 11 times
  • The average score is 10 of 32
Answer Stats
Hint Answer % Correct
Virtuální adresy seskupujeme do: Stránek
100%
Iluze, anebo trik, kterým se efektivne realizuje duplikace procesu Copy on write
75%
Adresy, na kterých jsou uloženy instrukce, ze kterých program samotný sestává Kód
50%
Instrukce, která načte hodnotu z paměti a uloží ji do registru ld
50%
Stránky se navzájem nemohou: Překrývat
50%
Běžící program Proces
50%
Procesy označeny tymhle príznakem se nemohou skrze virtuální adresy vzájemně ovlivňovat Pro čtení
50%
Virtuální adresa je pomyslně rozdělena na několik: Segmentů
50%
Instrukce, která hodnotu uloží do paměti st
50%
Změna registru aktivuje novou: Tabulku
50%
S přepnutím procesu je spojeno také přepnutí: Vlákna
50%
Množina platných adres Adresní prostor
25%
Nejjednodušší způsob, jak vytvořit nový proces Duplikace
25%
Adresní prostor, do kterého lze na žádost programu přidat nové platné adresy Dynamický
25%
Proces kdy OS odstěhuje stránku na jiné úložište Externí stránkování
25%
Poslední segment virtuálné adresy se přímo přepíše do: Fyzické adresy
25%
Efektivní načítání spustitelného souboru dle potřeby Líné načítání
25%
Největší a nejdůležitější blok (případně několik bloků) fyzických adres zpravidla patří: Operační paměti
25%
Stránkové tabulky jsou uloženy v: Operační paměti
25%
Aby o konkrétní podobě překladu mohl rozhodovat operační systém (jádro), musí být jednotka správy paměti: Programovatelná
25%
Rozsah fyzických adres Rámec
25%
Tabulka, která nemusí explicitně mapovat všechny virtuální adresy – nepřítomnost některé stránky v tabulce znamená, že příslušná virtuální adresa není platná Řídká
25%
Pro každý vyšší segment existuje jedna: Úroveň překladu
25%
Adresa v konkrétním virtuálním prostore Virtuální adresa
25%
Viditelný pro programy, od fyzického adresního prostoru důsledně oddělen Virtuální adresní prostor
25%
Má právě jednu fyzickou adresu a nějaké virtuální adresy Fyzická buňka
0%
Přímo pojmenovávají fyzické paměťové buňky hardwarových zařízení, zejména paměti RAM Fyzické adresy
0%
Používá se k realizaci podprogramů (volání funkcí) Hardwarový zásobník
0%
Hardware, ktorý realizuje překlad adres Jednotka správy paměti
0%
Režim, v kterém jsou externí stránky uloženy v jinak běžném souboru Mapování souborů
0%
Překlad adres je řízen Překladovými tabulkami
0%
Základní jednotka překladu, rozsah virtuálních adres Stránka
0%
No matching quizzes found
Score Distribution
Percent of People with Each Score
Percentile by Number Answered
Your Score History
You have not taken this quiz